00646nam a2200169Ia 4500008004100000041000800041082001500049100001400064245010400078260003300182300000800215365001600223700001400239906005400253999001900307952015000326230718s9999 xx 000 0 und d aeng a158.1bSHA aSharma R. aDiscover Your Destiny:bWith Monk Who Sold His Ferrari, Blueprint For Living Your Best Life, Vol.IX c2009bJaico Publishing House a215 cRs.b177.22 aSharma R. dO:0030125-Sep-2009B:101828-Jul-2009cGENRLb35.44 c322584d322584 00104070aCCEPbCCEPd2009-09-26eTbsfGENRLg141.78i1018l0o158.1pCCEP-BK-33791r2023-07-18 00:00:00t35.44v177.22w2009-07-28yBKz033791